01012nam a2200241 i 450000100060000000300090000600500170001500700030003200800410003502000180007608000210009410000210011524503670013626000350050330000220053849000250056050400340058565100510061970000310067083000250070185200220072685200220074894139ES-MaACL20230906181417.0t|050622s2003 sp ||||1| spa d a84-7813-266-X a94(460)"1936/39"1 aMinev, Stoyán.14aLas causas de la derrota de la República española : binforme elaborado por Stoyán Mínev, alias "Stepánov y Moreno", delegado en España de la Komintern durante los años 1937-1939, para el Comité Ejecutivo de la Internacional Comunista. Moscú, (abril) de 1939 / cedición, traducción directa del original ruso y notas, Ángel Encinas Moral. aMadrid : bMiraguano, c[2003] a287 p. ; c24 cm.1 aDebates y propuestas aReferencias bibliográficas. 4aEspaña-xHistoria-y1936-1939, Guerra civil.1 aEncinas Moral, Angel Luis.1 aDebates y propuestas4 aES-MaACLjL-292134 aES-MaACLjL-27712